[Event "Mittelrhein Verbandsliga-N 18/19"]
[Site "Nordrheinwestfalen"]
[Date "2019.05.05"]
[Round "10.8"]
[White "Henseler, Klaus"]
[Black "Schurr, Bernhard"]
[Result "1-0"]
[WhiteElo "1797"]
[BlackElo "1738"]
[PlyCount "75"]
[EventDate "2018.09.02"]
[EventType "team-tourn"]
[EventRounds "12"]
[EventCountry "GER"]
[SourceTitle "EXT 2022"]
[Source "ChessBase"]
[SourceDate "2021.10.06"]
[SourceVersion "1"]
[SourceVersionDate "2021.10.06"]
[SourceQuality "1"]
[WhiteTeam "Leverkusen SC Bayer"]
[BlackTeam "Rheinpark BSG"]
[WhiteTeamCountry "GER"]
[BlackTeamCountry "GER"]

1. c4 b5 2. cxb5 a6 3. bxa6 Bxa6 4. Nf3 c5 5. g3 Nc6 6. Bg2 e5 7. d3 c4 8. dxc4 e4 9. Nfd2 e3 10. fxe3 Bb4 11. 0-0 h5 12. a3 Bb7 13. Nb3 Be7 14. Nc3 h4 15. Nd4 hxg3 16. hxg3 Ra6 17. Nf5 Nf6 18. Nd5 Qb8 19. e4 Bc5+ 20. Be3 Bxe3+ 21. Ndxe3 Ne5 22. Qd4 g6 23. Nh4 Re6 24. Nd5 Nfg4 25. Bh3 Rxh4 26. Bxg4 Nxg4 27. Rf3 Rh3 28. Kg2 Rh2+ 29. Kg1 Re5 30. Ne3 Reh5 31. Nxg4 Rh1+ 32. Kf2 R5h2+ 33. Nxh2 Rxh2+ 34. Ke3 f5 35. Rd1 Bc6 36. b4 fxe4 37. Rf4 Qa8 38. Qe5+ 1-0

[Event "Mittelrhein Verbandsliga-N 18/19"]
[Site "Nordrheinwestfalen"]
[Date "2019.02.10"]
[Round "7.8"]
[White "Henseler, Klaus"]
[Black "Eigemann, Julian"]
[Result "1/2-1/2"]
[WhiteElo "1784"]
[BlackElo "1966"]
[PlyCount "54"]
[EventDate "2018.09.02"]
[EventType "team-tourn"]
[EventRounds "12"]
[EventCountry "GER"]
[SourceTitle "EXT 2022"]
[Source "ChessBase"]
[SourceDate "2021.10.06"]
[SourceVersion "1"]
[SourceVersionDate "2021.10.06"]
[SourceQuality "1"]
[WhiteTeam "Leverkusen SC Bayer"]
[BlackTeam "Porz SG III"]
[WhiteTeamCountry "GER"]
[BlackTeamCountry "GER"]

1. c4 Nf6 2. Nc3 g6 3. g3 Bg7 4. Bg2 d6 5. e4 0-0 6. Nge2 e5 7. 0-0 Nc6 8. d3 Nd7 9. Rb1 a5 10. a3 f5 11. f4 Nf6 12. b4 axb4 13. axb4 Nd4 14. Nxd4 exd4 15. Ne2 fxe4 16. dxe4 c5 17. bxc5 dxc5 18. e5 d3 19. exf6 Bxf6 20. Kh1 dxe2 21. Qxe2 Re8 22. Qf3 Bf5 23. Qd5+ Qxd5 24. Bxd5+ Kh8 25. Bb2 Bxb2 26. Rxb2 Be4+ 27. Bxe4 Rxe4 1/2-1/2

[Event "Mittelrhein Verbandsliga-N 18/19"]
[Site "Nordrheinwestfalen"]
[Date "2018.10.28"]
[Round "3.7"]
[White "Neumann, Joerg"]
[Black "Henseler, Klaus"]
[Result "1/2-1/2"]
[WhiteElo "1561"]
[BlackElo "1784"]
[PlyCount "87"]
[EventDate "2018.09.02"]
[EventType "team-tourn"]
[EventRounds "12"]
[EventCountry "GER"]
[SourceTitle "EXT 2022"]
[Source "ChessBase"]
[SourceDate "2021.10.06"]
[SourceVersion "1"]
[SourceVersionDate "2021.10.06"]
[SourceQuality "1"]
[WhiteTeam "Koeln Worringen"]
[BlackTeam "Leverkusen SC Bayer"]
[WhiteTeamCountry "GER"]
[BlackTeamCountry "GER"]

1. d4 Nf6 2. Bf4 g6 3. Nc3 Bg7 4. e4 d6 5. Nf3 c6 6. Qd2 a6 7. e5 dxe5 8. Bxe5 Nbd7 9. Bc4 Nxe5 10. Nxe5 0-0 11. Qf4 Nd5 12. Qf3 e6 13. Ne4 f6 14. Nd3 f5 15. Nd2 Bxd4 16. c3 Bg7 17. 0-0 Qd6 18. Bxd5 exd5 19. Rfe1 Bd7 20. c4 Rad8 21. c5 Qf6 22. Re5 Rfe8 23. Rae1 Qf7 24. Rxe8+ Rxe8 25. Rxe8+ Qxe8 26. Kf1 Bh6 27. Nb3 Qe4 28. Qd1 Bg7 29. Qd2 h6 30. f3 Qe7 31. Qf4 Bc8 32. Qb8 Qd7 33. Qg3 Kh7 34. h4 Qe8 35. Qf4 Qe7 36. Nd4 Qf6 37. Ne2 Be6 38. Qd6 g5 39. hxg5 hxg5 40. Qc7 Qf7 41. Qh2+ Kg6 42. Qd6 Qd7 43. Ne5+ Bxe5 44. Qxe5 1/2-1/2

[Event "Mittelrhein Verbandsliga-N 18/19"]
[Site "Nordrheinwestfalen"]
[Date "2018.09.02"]
[Round "1.7"]
[White "Urban, Michael"]
[Black "Henseler, Klaus"]
[Result "1/2-1/2"]
[WhiteElo "1707"]
[BlackElo "1811"]
[PlyCount "77"]
[EventDate "2018.09.02"]
[EventType "team-tourn"]
[EventRounds "12"]
[EventCountry "GER"]
[SourceTitle "EXT 2022"]
[Source "ChessBase"]
[SourceDate "2021.10.06"]
[SourceVersion "1"]
[SourceVersionDate "2021.10.06"]
[SourceQuality "1"]
[WhiteTeam "Eikamp Freibauer"]
[BlackTeam "Leverkusen SC Bayer"]
[WhiteTeamCountry "GER"]
[BlackTeamCountry "GER"]

1. d4 Nf6 2. Bg5 e6 3. e3 c6 4. c3 d5 5. Bd3 Be7 6. Nd2 Nbd7 7. f4 0-0 8. Ngf3 Ng4 9. Bxe7 Qxe7 10. Qe2 f5 11. 0-0-0 Ngf6 12. Ne5 c5 13. h3 c4 14. Bc2 b5 15. g4 Nxe5 16. fxe5 Ne4 17. Bxe4 fxe4 18. Rdf1 Bd7 19. Rxf8+ Rxf8 20. Qe1 a5 21. Rf1 Rb8 22. Nb1 Rf8 23. Rf2 Rf7 24. Qf1 Rxf2 25. Qxf2 b4 26. a3 Be8 27. h4 Ba4 28. axb4 axb4 29. cxb4 Qxb4 30. Nc3 Be8 31. Kb1 Qe7 32. Kc2 Qb7 33. Kc1 Qe7 34. Kc2 Qa7 35. Kb1 Qb7 36. Kc1 Bc6 37. Kb1 Qb3 38. Kc1 Qb4 39. Kb1 1/2-1/2

[Event "Mittelrhein Regionalliga 1718"]
[Site "Nordrheinwestfalen"]
[Date "2017.11.12"]
[Round "3.8"]
[White "Henseler, Klaus"]
[Black "Auschkalnis, Reinhard"]
[Result "1-0"]
[WhiteElo "1779"]
[BlackElo "1637"]
[PlyCount "217"]
[EventDate "2017.09.10"]
[EventType "team-tourn"]
[EventRounds "9"]
[EventCountry "GER"]
[SourceTitle "EXT 2022"]
[Source "ChessBase"]
[SourceDate "2021.10.06"]
[SourceVersion "1"]
[SourceVersionDate "2021.10.06"]
[SourceQuality "1"]
[WhiteTeam "Leverkusen SC Bayer"]
[BlackTeam "Bonn Beuel"]
[WhiteTeamCountry "GER"]
[BlackTeamCountry "GER"]

1. c4 Nf6 2. g3 e6 3. Bg2 Be7 4. Nf3 c5 5. 0-0 Nc6 6. d4 cxd4 7. Nxd4 a6 8. Nc3 Qb6 9. Nc2 0-0 10. b3 Qa5 11. Bd2 Qd8 12. e4 d6 13. Ne3 Rb8 14. Rc1 b6 15. Nc2 Bb7 16. Be3 Ba8 17. Qe2 Qc7 18. Rfd1 Rfd8 19. Nd4 Ne8 20. Nxc6 Bxc6 21. Nd5 Qa7 22. Nxe7+ Qxe7 23. f3 Qb7 24. Qf2 Nc7 25. Rd2 Ne8 26. Rcd1 Rd7 27. h4 h6 28. Kh2 Rdd8 29. c5 bxc5 30. Bxc5 d5 31. f4 Nf6 32. Kh3 Rd7 33. e5 Ne8 34. Rc1 a5 35. Rdc2 Bb5 36. Bd4 Qa6 37. Qd2 a4 38. b4 Bc4 39. Bc5 Rbd8 40. Bd4 Qb5 41. a3 Rb8 42. Qf2 Rbd8 43. Bf3 Qa6 44. Kg2 Qb5 45. Rc3 Rb8 46. Bd1 Rbd8 47. Bc2 Qa6 48. Bb1 Bb3 49. Rc6 Qa8 50. R1c3 f5 51. exf6 Nxf6 52. Qe3 Ne4 53. Rc7 Qb8 54. R7c6 Re8 55. Bd3 Rf7 56. Be5 Qa8 57. Kh2 Nf6 58. Qd4 Ng4+ 59. Kh3 Nxe5 60. Qxe5 Bc4 61. R3xc4 dxc4 62. Be4 Qd8 63. Bg6 Rf6 64. Bxe8 Qxe8 65. Rxc4 Qa8 66. Qe4 Qd8 67. Qc2 Rf8 68. Qe2 Re8 69. Re4 Qd5 70. Re5 Qb3 71. Re3 Qd5 72. Kh2 Re7 73. Rd3 Qa8 74. Qd2 Re8 75. Rd7 Qc6 76. Rd6 Qc7 77. Kg2 Qb7+ 78. Kf2 Qh1 79. Qe1 Qh2+ 80. Ke3 e5 81. f5 Qc2 82. Rd3 e4 83. Rc3 Qa2 84. Qd2 Qf7 85. Rc5 Qb3+ 86. Rc3 Qf7 87. Rc5 Qb3+ 88. Qc3 Qd1 89. Qc4+ Kh7 90. Qe2 Qb3+ 91. Kf4 Qxa3 92. Qh5 Rg8 93. f6 Qf3+ 94. Qxf3 exf3 95. Kxf3 gxf6 96. Ra5 Rb8 97. Rxa4 h5 98. Ke4 Kg6 99. Kd4 Kf5 100. Kc5 Kg4 101. Ra3 Rc8+ 102. Kd6 Rb8 103. Rb3 f5 104. Kc7 Rb5 105. Kc6 Rb8 106. b5 f4 107. gxf4 Kxf4 108. b6 Kg4 109. Rb4+ 1-0

[Event "Mittelrhein Verbandsliga-M 16/17"]
[Site "Nordrheinwestfalen"]
[Date "2017.04.09"]
[Round "10.8"]
[White "Henseler, Klaus"]
[Black "Salbert, Heinrich"]
[Result "0-1"]
[WhiteElo "1814"]
[BlackElo "1864"]
[PlyCount "68"]
[EventDate "2016.09.11"]
[EventType "team-tourn"]
[EventRounds "11"]
[EventCountry "GER"]
[SourceTitle "EXT 2022"]
[Source "ChessBase"]
[SourceDate "2021.10.06"]
[SourceVersion "1"]
[SourceVersionDate "2021.10.06"]
[SourceQuality "1"]
[WhiteTeam "Leverkusen SC Bayer"]
[BlackTeam "Bergische SF"]
[WhiteTeamCountry "GER"]
[BlackTeamCountry "GER"]

1. c4 d6 2. g3 g6 3. Bg2 Bg7 4. Nc3 e5 5. d3 Nc6 6. Rb1 Be6 7. e3 Qd7 8. Nge2 Bh3 9. 0-0 Bxg2 10. Kxg2 f5 11. f4 Nf6 12. b4 0-0 13. b5 Nd8 14. a4 Ne6 15. Ba3 Rfe8 16. d4 Ng4 17. Qd2 Nxe3+ 18. Qxe3 exd4 19. Qd2 dxc3 20. Nxc3 Qf7 21. Rfe1 Nd4 22. Nd5 Re4 23. Rxe4 fxe4 24. Ne3 Nf5 25. Nxf5 gxf5 26. Rc1 Re8 27. Qe3 b6 28. Rc2 Rd8 29. Qe2 Qe6 30. Rd2 Re8 31. Bb2 e3 32. Rc2 Qe4+ 33. Kg1 Qxc2 34. Qxc2 e2 0-1

[Event "Mittelrhein Verbandsliga-M 15/16"]
[Site "Nordrheinwestfalen"]
[Date "2016.05.01"]
[Round "11.7"]
[White "Henseler, Klaus"]
[Black "Weber, Christian"]
[Result "1/2-1/2"]
[WhiteElo "1838"]
[BlackElo "1856"]
[PlyCount "22"]
[EventDate "2015.09.06"]
[EventType "team-tourn"]
[EventRounds "11"]
[EventCountry "GER"]
[SourceTitle "EXT 2022"]
[Source "ChessBase"]
[SourceDate "2021.10.06"]
[SourceVersion "1"]
[SourceVersionDate "2021.10.06"]
[SourceQuality "1"]
[WhiteTeam "Leverkusen SC Bayer"]
[BlackTeam "Langenfeld II"]
[WhiteTeamCountry "GER"]
[BlackTeamCountry "GER"]

1. d4 Nf6 2. c4 d6 3. Nc3 g6 4. e3 Bg7 5. Nf3 0-0 6. Be2 Nc6 7. 0-0 e5 8. d5 Ne7 9. e4 c5 10. h3 Nd7 11. Be3 f5 1/2-1/2

[Event "Mittelrhein Verbandsliga-M 15/16"]
[Site "Nordrheinwestfalen"]
[Date "2015.10.18"]
[Round "3.6"]
[White "Henseler, Klaus"]
[Black "Gutt, Oswald"]
[Result "0-1"]
[WhiteElo "1825"]
[BlackElo "1903"]
[PlyCount "44"]
[EventDate "2015.09.06"]
[EventType "team-tourn"]
[EventRounds "11"]
[EventCountry "GER"]
[SourceTitle "EXT 2022"]
[Source "ChessBase"]
[SourceDate "2021.10.06"]
[SourceVersion "1"]
[SourceVersionDate "2021.10.06"]
[SourceQuality "1"]
[WhiteTeam "Leverkusen SC Bayer"]
[BlackTeam "Bergische SF"]
[WhiteTeamCountry "GER"]
[BlackTeamCountry "GER"]

1. Nf3 Nf6 2. d4 d5 3. c4 c6 4. b3 Bf5 5. e3 e6 6. Be2 Nbd7 7. 0-0 Bd6 8. Bb2 Ne4 9. Nbd2 Qf6 10. Ne1 Qh6 11. f4 g5 12. Nxe4 Bxe4 13. g3 Rg8 14. Bc1 gxf4 15. exf4 f5 16. Bf3 Nf6 17. Bxe4 Nxe4 18. Rf3 Qg7 19. Ng2 0-0-0 20. Be3 Qg4 21. Qf1 Rg6 22. Nh4 Qxh4 0-1

[Event "Bergisch Gladbach-ch"]
[Site "Bergisch Gladbach"]
[Date "2005.09.23"]
[Round "5"]
[White "Henseler, Klaus"]
[Black "Krug, Kevin"]
[Result "0-1"]
[WhiteElo "1928"]
[BlackElo "2045"]
[PlyCount "72"]
[EventDate "2005.08.26"]
[EventType "swiss"]
[EventRounds "7"]
[EventCountry "GER"]
[SourceTitle "CBM 108 Extra"]
[Source "ChessBase"]
[SourceDate "2005.11.04"]
[SourceVersion "1"]
[SourceVersionDate "2005.11.04"]
[SourceQuality "1"]

1. c4 Nf6 2. Nf3 g6 3. g3 Bg7 4. Bg2 0-0 5. 0-0 d6 6. Nc3 Nbd7 7. Rb1 e5 8. d3 c6 9. b4 Qe7 10. Bd2 Re8 11. Qc2 Nf8 12. Ng5 h6 13. Nge4 Nxe4 14. Nxe4 f5 15. Nc3 Ne6 16. b5 g5 17. bxc6 bxc6 18. Rfc1 f4 19. Qd1 Rf8 20. Ne4 Rf7 21. e3 Nc5 22. Nxc5 dxc5 23. Qa4 f3 24. Bf1 Be6 25. Qa6 Qd7 26. Rb3 Bh3 27. Kh1 Bg2+ 28. Bxg2 fxg2+ 29. Kxg2 Qf5 30. f4 exf4 31. exf4 Re8 32. Re1 Rxe1 33. Bxe1 gxf4 34. Rb8+ Kh7 35. Qc8 f3+ 36. Kh1 Qxd3 0-1

[Event "Bergisch Gladbach-ch"]
[Site "Bergisch Gladbach"]
[Date "2005.09.16"]
[Round "4"]
[White "Meul, Willi"]
[Black "Henseler, Klaus"]
[Result "1/2-1/2"]
[WhiteElo "1800"]
[BlackElo "1928"]
[PlyCount "67"]
[EventDate "2005.08.26"]
[EventType "swiss"]
[EventRounds "7"]
[EventCountry "GER"]
[SourceTitle "CBM 108 Extra"]
[Source "ChessBase"]
[SourceDate "2005.11.04"]
[SourceVersion "1"]
[SourceVersionDate "2005.11.04"]
[SourceQuality "1"]

1. d4 Nf6 2. Nf3 g6 3. Bg5 Bg7 4. Nbd2 c5 5. Bxf6 Bxf6 6. Ne4 Bxd4 7. Nxd4 cxd4 8. Qxd4 0-0 9. h4 Qa5+ 10. c3 Nc6 11. Qd2 Qe5 12. f3 d5 13. Nf2 d4 14. 0-0-0 dxc3 15. Qxc3 Be6 16. Kb1 Qxc3 17. bxc3 b5 18. Nd3 b4 19. cxb4 Rab8 20. a3 a5 21. e4 axb4 22. Nxb4 Nxb4 23. axb4 Rxb4+ 24. Kc1 Rc8+ 25. Kd2 Rb2+ 26. Ke3 Rcc2 27. g4 Kg7 28. Ba6 h6 29. g5 h5 30. Kf4 Rc3 31. Rd3 Rcc2 32. Rdd1 Rc3 33. Rd3 Rcc2 34. Rdd1 1/2-1/2

[Event "Leverkusen-ch op"]
[Site "Leverkusen"]
[Date "2005.04.18"]
[Round "9"]
[White "Rosskothen, Arnd"]
[Black "Henseler, Klaus"]
[Result "0-1"]
[WhiteElo "2184"]
[BlackElo "1920"]
[PlyCount "132"]
[EventDate "2005.01.10"]
[EventType "swiss"]
[EventRounds "9"]
[EventCountry "GER"]
[SourceTitle "EXT 2006"]
[Source "ChessBase"]
[SourceDate "2005.11.24"]
[SourceVersion "1"]
[SourceVersionDate "2005.11.24"]
[SourceQuality "1"]

1. e4 c5 2. Nf3 e6 3. d4 cxd4 4. Nxd4 Nf6 5. Nc3 d6 6. Bc4 a6 7. Bb3 Be7 8. Bg5 Qc7 9. Qf3 Bd7 10. 0-0-0 Nc6 11. Rhe1 Nxd4 12. Rxd4 Bc6 13. Bxf6 Bxf6 14. Nd5 Bxd5 15. exd5 Bxd4 16. dxe6 0-0-0 17. exf7 Kb8 18. Re4 Be5 19. Bd5 Rhf8 20. Rb4 Rd7 21. Bxb7 Qxb7 22. Rxb7+ Rxb7 23. Qd5 Rfxf7 24. f3 Bxb2+ 25. Kd2 Be5 26. g3 g5 27. a4 h5 28. Qc6 Ka7 29. Qe4 h4 30. Qe3+ Kb8 31. Qxg5 hxg3 32. hxg3 Rxf3 33. Qg8+ Ka7 34. g4 Rg3 35. Qc8 Rg7 36. Qc6 R3xg4 37. a5 Rb7 38. Kd3 Rgg7 39. c4 Rgc7 40. Qa4 Rc5 41. Qa3 Rbc7 42. Qb4 R7c6 43. Qb1 Rxc4 44. Qg1+ Rd4+ 45. Ke3 Rdc4 46. Kd3+ R4c5 47. Qf2 Bc3 48. Qf7+ Rc7 49. Qe6 Be5 50. Qa2 d5 51. Qf2 Kb7 52. Qf5 Bc3 53. Qg6 Bxa5 54. Qg2 Bc3 55. Qg8 a5 56. Qg2 Be5 57. Qg5 Bg7 58. Qg4 Rc3+ 59. Ke2 Rc2+ 60. Kd1 R2c4 61. Qg5 Rd4+ 62. Ke2 a4 63. Qg6 Re4+ 64. Kd2 a3 65. Qd6 Rd4+ 66. Ke2 a2 0-1

[Event "Leverkusen-ch op"]
[Site "Leverkusen"]
[Date "2005.02.21"]
[Round "5"]
[White "Siepelmeyer, Joerg"]
[Black "Henseler, Klaus"]
[Result "1-0"]
[WhiteElo "1948"]
[BlackElo "1920"]
[PlyCount "37"]
[EventDate "2005.01.10"]
[EventType "swiss"]
[EventRounds "9"]
[EventCountry "GER"]
[SourceTitle "EXT 2006"]
[Source "ChessBase"]
[SourceDate "2005.11.24"]
[SourceVersion "1"]
[SourceVersionDate "2005.11.24"]
[SourceQuality "1"]

1. d4 Nf6 2. Nf3 g6 3. Nc3 Bg7 4. e4 d6 5. Be3 0-0 6. Qd2 c6 7. Bd3 a6 8. a4 a5 9. Bh6 Bg4 10. 0-0-0 Na6 11. Bxg7 Kxg7 12. e5 Nd7 13. Bxa6 Rxa6 14. Qf4 Bxf3 15. gxf3 d5 16. h4 h5 17. Rhg1 Rh8 18. e6 fxe6 19. Rxg6+ 1-0

[Event "Leverkusen-ch op"]
[Site "Leverkusen"]
[Date "2005.01.17"]
[Round "2"]
[White "Henseler, Klaus"]
[Black "Vossen, Klaus"]
[Result "1/2-1/2"]
[WhiteElo "1920"]
[BlackElo "2270"]
[PlyCount "37"]
[EventDate "2005.01.10"]
[EventType "swiss"]
[EventRounds "9"]
[EventCountry "GER"]
[SourceTitle "EXT 2006"]
[Source "ChessBase"]
[SourceDate "2005.11.24"]
[SourceVersion "1"]
[SourceVersionDate "2005.11.24"]
[SourceQuality "1"]

1. c4 Nf6 2. Nc3 e6 3. Nf3 d5 4. cxd5 exd5 5. d4 Be7 6. Bg5 c6 7. e3 Nbd7 8. Bd3 0-0 9. 0-0 Re8 10. Qc2 Nf8 11. Rab1 a5 12. Na4 Ng6 13. Bxf6 Bxf6 14. Nc5 b6 15. Na4 Bd7 16. Rbc1 Qb8 17. Qb3 Bd8 18. Bxg6 hxg6 19. Ne5 1/2-1/2

[Event "Leverkusen op"]
[Site "Leverkusen"]
[Date "2004.03.01"]
[Round "5"]
[White "Kocur, Beata"]
[Black "Henseler, Klaus"]
[Result "1/2-1/2"]
[WhiteElo "1715"]
[BlackElo "1899"]
[PlyCount "61"]
[EventDate "2004.01.12"]
[EventType "swiss"]
[EventRounds "9"]
[EventCountry "GER"]
[SourceTitle "EXT 2006"]
[Source "ChessBase"]
[SourceDate "2005.11.24"]
[SourceVersion "1"]
[SourceVersionDate "2005.11.24"]
[SourceQuality "1"]

1. e4 c5 2. Bc4 e6 3. Nc3 a6 4. a4 g6 5. d4 Bg7 6. Nf3 cxd4 7. Nxd4 Ne7 8. Nde2 0-0 9. Be3 Nbc6 10. Qd2 Qa5 11. 0-0 Qb4 12. Bb3 Na5 13. Ra3 Nc4 14. Bxc4 Qxc4 15. Rd1 d5 16. exd5 exd5 17. Bd4 Be6 18. Rb3 Qc7 19. Bxg7 Kxg7 20. Qd4+ Kg8 21. Qb6 Rac8 22. Nd4 Nc6 23. Nxc6 bxc6 24. Qxc7 Rxc7 25. Rb6 Re8 26. f3 Bf5 27. Rd2 Re1+ 28. Kf2 Rc1 29. Rxa6 Rxc2 30. Rxc2 Bxc2 31. Ke3 1/2-1/2